书目信息 |
| 题名: |
实用对联
|
|
| 作者: | 邵明灿 编 | |
| 分册: | ||
| 出版信息: | 南昌 江西教育出版社 1991.1 |
|
| 页数: | 288页 | |
| 开本: | 20cm | |
| 丛书名: | ||
| 单 册: | ||
| 中图分类: | I269.7 | |
| 科图分类: | ||
| 主题词: | 散文--中国 , 散文--作品综合集--中国 | |
| 电子资源: | ||
| ISBN: | 7-5392-0982-8 | |
| 000 | 00615nam0 2200217 45 | |
| 001 | 0312221749 | |
| 005 | 20040409091943.1 | |
| 010 | @dCNY2.40@a7-5392-0982-8 | |
| 100 | @a20031222d1991 km y0chiy0120 ea | |
| 101 | @achi | |
| 105 | @a z 000yy | |
| 200 | 1 | @a实用对联@AShi Yong Dui Lian@f邵明灿等编@FShao Ming Can Deng Bian |
| 205 | @a修订本 | |
| 210 | @a南昌@c江西教育出版社@d1991.1@a南昌@c江西教育出版社 | |
| 215 | @a288页@d20cm | |
| 606 | 0 | @a散文@x中国 |
| 606 | 0 | @a散文@x作品综合集@x中国 |
| 690 | @aI269.7@v3 | |
| 701 | 0 | @a邵明灿@4编 |
| 801 | @aCN@bTSTCL@c20031222 | |
| 905 | @dI269.7@e472=2@f1@b249277 | |
| 实用对联/邵明灿等编.-修订本.-南昌:江西教育出版社,1991.1;南昌:江西教育出版社 |
| 288页;20cm |
| ISBN 7-5392-0982-8:CNY2.40 |
| ● |
| 相关链接 |
|
|
|
|
正题名:实用对联
索取号:I269.7/472=2
 
预约/预借
| 序号 | 登录号 | 条形码 | 馆藏地/架位号 | 状态 | 备注 |
| 1 | 0249277 | 000030987 | 第二借阅区/ [索取号:I269.7/472=2] | 在馆 | |
| 2 | 0249278 | 000030978 | 第二借阅区/ [索取号:I269.7/472=2] | 在馆 | |
| 3 | 0249279 | 000030996 | 第二借阅区/ [索取号:I269.7/472=2] | 在馆 | |
| 4 | 0249280 | 000030969 | 第一样本阅览室/ [索取号:I269.7/472=2] | 在馆 |